LEADER 00955nkm1-2200349---450- 001 990005575180203316 005 20021009 035 $a000557518 035 $aUSA01000557518 035 $a(ALEPH)000557518USA01 035 $a000557518 100 $a19981214f--------|||y0itaa50------ba 101 $aeng 102 $agb 105 $a0 00||| 200 1 $aLudwig Wittgenstein$ecritical assessments$fedited by V. A. and S. G. Shanker 210 $aLondon$cCroom Helm$d19..- 215 $av.$d24 cm. 463 \1$1001990005575190203316$12001 $a<> Wittgenstein bibliography 606 $aWITTGENSTEIN, LUDWIG$2F 620 $dLONDON 676 $a192 702 1$aSHANKER,$bStuart G. 702 1$aSHANKER,$bV. A. 712 02$aCROOM HELM 801 0$aIT$bSA$c20111219 912 $a990005575180203316 959 $aBK 969 $aFIL 979 $c20121027$lUSA01$h1525 996 $aLudwig Wittgenstein$9477518 997 $aUNISA LEADER 01258cam0-22003971i-450- 001 990007397050403321 005 20111021123736.0 010 $a88-7957-198-2 035 $a000739705 035 $aFED01000739705 035 $a(Aleph)000739705FED01 035 $a000739705 100 $a20030307e2002----km-y0itay50------ba 101 1 $aita 102 $aIT 105 $ay-------001cy 200 1 $a<>diritto della guerra e della pace$fUgone Grozio$gIntroduzione di Francesca Russo, Premessa di Salvo Mastellone 205 $aRistampa anastatica 210 $aFirenze$cCentro editoriale toscano$d2002 215 $a4 v in cofanetto$d21 cm 225 1 $aPolitica e storia$v57 324 $aRipr. facs. dell'ed.: Napoli : appresso Giuseppe De Dominicis, 1777 500 10$aDe iure belli ac pacis$925518 676 $a340.01$v20$zit 700 1$aGrotius,$bHugo$f<1583-1645>$0153312 702 1$aMastellone,$bSalvo$f<1920- > 702 1$aRusso,$bFrancesca 801 0$aIT$bUNINA$gRICA$2UNIMARC 901 $aBK 912 $a990007397050403321 952 $aDDR-XXXIII F 2 (1-4)$bddr$fDDR 952 $aCollez. 1328 (57)$b42235/8$fFSPBC 959 $aFSPBC 959 $aDDR 996 $aDe iure belli ac pacis$925518 997 $aUNINA